000 00315nam a22001337a 4500
008 180302b xxu||||| |||| 00| 0 eng d
020 _a9789989277528
041 _aeng
080 _a612.39
100 _a10
101 _aSHU
245 _aHyrje ne Teknologjine Ushqimore
_cDanev, M & Xhabiri, G
942 _2udc
_cBK
999 _c43907
_d43907